How to read Greek vases / (Record no. 26266)

000 -LEADER
fixed length control field 01684cam a2200373 a 4500
001 - CONTROL NUMBER
control field 16441049
005 - DATE AND TIME OF LATEST TRANSACTION
control field 20170203150712.0
008 - FIXED-LENGTH DATA ELEMENTS--GENERAL INFORMATION
fixed length control field 100831s2010 nyuab bc 001 0 eng
010 ## - LIBRARY OF CONGRESS CONTROL NUMBER
LC control number 2010037224
015 ## - NATIONAL BIBLIOGRAPHY NUMBER
National bibliography number GBB083467
Source bnb
016 7# - NATIONAL BIBLIOGRAPHIC AGENCY CONTROL NUMBER
Record control number 015600165
Source Uk
020 ## - INTERNATIONAL STANDARD BOOK NUMBER
International Standard Book Number 9781588394040 (pbk. : Metropolitan Museum of Art)
020 ## - INTERNATIONAL STANDARD BOOK NUMBER
International Standard Book Number 9780300155235 (pbk : Yale University Press)
035 ## - SYSTEM CONTROL NUMBER
System control number (OCoLC)ocn606786223
040 ## - CATALOGING SOURCE
Original cataloging agency DLC
Transcribing agency DLC
Modifying agency YDX
-- BTCTA
-- ERASA
-- YDXCP
-- UKM
-- ORX
-- IAD
-- CDX
-- INU
-- DLC
042 ## - AUTHENTICATION CODE
Authentication code pcc
043 ## - GEOGRAPHIC AREA CODE
Geographic area code e-gr---
-- n-us-ny
050 00 - LIBRARY OF CONGRESS CALL NUMBER
Classification number NK4645
Item number .M475 2010
110 2# - MAIN ENTRY--CORPORATE NAME
Corporate name or jurisdiction name as entry element Metropolitan Museum of Art (New York, N.Y.)
245 10 - TITLE STATEMENT
Title How to read Greek vases /
Statement of responsibility, etc. Joan R. Mertens.
260 ## - PUBLICATION, DISTRIBUTION, ETC. (IMPRINT)
Place of publication, distribution, etc. New York :
Name of publisher, distributor, etc. Metropolitan Museum of Art ;
Place of publication, distribution, etc. New Haven :
Name of publisher, distributor, etc. Distributed by Yale University Press,
Date of publication, distribution, etc. c2010.
300 ## - PHYSICAL DESCRIPTION
Extent 175 p. :
Other physical details ill. (chiefly col.), col. maps ;
Dimensions 27 cm.
504 ## - BIBLIOGRAPHY, ETC. NOTE
Bibliography, etc Includes bibliographical references and index.
505 00 - FORMATTED CONTENTS NOTE
Miscellaneous information Machine generated contents note:
Title The Vases.
610 20 - SUBJECT ADDED ENTRY--CORPORATE NAME
Corporate name or jurisdiction name as entry element Metropolitan Museum of Art (New York, N.Y.)
Form subdivision Catalogs.
650 #0 - SUBJECT ADDED ENTRY--TOPICAL TERM
Topical term or geographic name as entry element Vases, Greek
Form subdivision Catalogs.
650 #0 - SUBJECT ADDED ENTRY--TOPICAL TERM
Topical term or geographic name as entry element Vase-painting, Greek
Form subdivision Catalogs.
650 #0 - SUBJECT ADDED ENTRY--TOPICAL TERM
Topical term or geographic name as entry element Vases
Geographic subdivision New York (State)
-- New York
Form subdivision Catalogs.
700 1# - ADDED ENTRY--PERSONAL NAME
Personal name Mertens, Joan R.
942 ## - ADDED ENTRY ELEMENTS (KOHA)
Source of classification or shelving scheme
Koha item type Hard Covered Materials
Classification part NK4645 .M475 2010
Holdings
Withdrawn status Lost status Source of classification or shelving scheme Damaged status Not for loan Home library Current library Shelving location Date acquired Source of acquisition Total Checkouts Full call number Barcode Date last seen Price effective from Koha item type
          MACHAKOS UNIVERSITY LIBRARY MACHAKOS UNIVERSITY LIBRARY Technical section 03/02/2017 Donation(BFA)   NK4645 .M475 2010 34040 13/07/2018 03/02/2017 Hard Covered Materials
© Machakos University Library, Along The Highway, Machakos Wote Rd, Machakos, Kenya P.O. Box 136 - 90100 Machakos - Kenya

Tel: ( +254 ) 723 805829 OR Fax : 044-20353 OR Email: library@mksu.ac.ke